00408nam a2200133Ia 4500082001200000100002200012245007200034260003300106300001800139650003700157650003800194650002600232710001600258 aTR.0275 aRay Chaudhuri, R. 0aDemographic study on two culturally diverse communities in Calcutta c1992bUniversity of Calcutta a161p. + C D-5 aMUSLIMS - WEST BENGAL - CALCUTTA aMARWARIS - WEST BENGAL - CALCUTTA aCALCUTTA - POPULATION aSen, Tulika